Basics of Biotechnology (Record no. 4088)

MARC details
000 -LEADER
fixed length control field 00332nam a2200133Ia 4500
008 - FIXED-LENGTH DATA ELEMENTS--GENERAL INFORMATION
fixed length control field 191201s2009 xx 000 0 und d
082 ## - DEWEY DECIMAL CLASSIFICATION NUMBER
Classification number 660.6
Item number DEB
100 ## - MAIN ENTRY--PERSONAL NAME
Personal name DESWAL, Surinder
245 #0 - TITLE STATEMENT
Title Basics of Biotechnology
260 ## - PUBLICATION, DISTRIBUTION, ETC. (IMPRINT)
Place of publication, distribution, etc N.Delhi
Name of publisher, distributor, etc Dhanpat Rai Pub (P) Ltd
Date of publication, distribution, etc 2009
300 ## - PHYSICAL DESCRIPTION
Extent miosc.
650 ## - SUBJECT ADDED ENTRY--TOPICAL TERM
Topical term or geographic name as entry element Applied
942 ## - ADDED ENTRY ELEMENTS (KOHA)
Source of classification or shelving scheme Dewey Decimal Classification
Koha item type Text Books
Holdings
Withdrawn status Lost status Source of classification or shelving scheme Damaged status Not for loan Collection code Home library Current library Date acquired Source of acquisition Cost, normal purchase price Bill Number Total Checkouts Full call number Acc. no. / Barcode Date last seen Bill Date Koha item type Date last borrowed Checked out
    Dewey Decimal Classification     Applied Sc. PIET C-LIBRARY PIET C-LIBRARY 20/08/2009 J B C, New Delhi 140.00 SI-2036   660.6 DEB 13469 04/12/2019 07/08/2009 Text Books    
    Dewey Decimal Classification     Applied Sc. PIET C-LIBRARY PIET C-LIBRARY 20/08/2009 J B C, New Delhi 140.00 SI-2036 1 660.6 DEB 13470 18/12/2019 07/08/2009 Text Books 16/12/2019  
    Dewey Decimal Classification     Applied Sc. PIET C-LIBRARY PIET C-LIBRARY 20/08/2009 J B C, New Delhi 140.00 SI-2036 3 660.6 DEB 13471 20/01/2022 07/08/2009 Text Books 20/01/2022 19/07/2022
    Dewey Decimal Classification     Applied Sc. PIET C-LIBRARY PIET C-LIBRARY 20/08/2009 J B C, New Delhi 140.00 SI-2036 1 660.6 DEB 13472 19/12/2019 07/08/2009 Text Books 06/12/2019  
    Dewey Decimal Classification     Applied Sc. PIET C-LIBRARY PIET C-LIBRARY 20/08/2009 J B C, New Delhi 140.00 SI-2036 4 660.6 DEB 13473 30/12/2024 07/08/2009 Text Books 30/12/2024  

Design & Developed by: PIET Central Library
R70 Miles Stone Pattikalyana Samalkha Panipat 132102
mail ID :- [email protected], Phone No:- 0180-2569700 Ex.216